GOLDMAN-CECIL MEDICINE (Record no. 34744)

MARC details
000 -LEADER
fixed length control field 00377nam a22001697a 4500
003 - CONTROL NUMBER IDENTIFIER
control field SGT
020 ## - INTERNATIONAL STANDARD BOOK NUMBER
International Standard Book Number 9780323930390
082 ## - DEWEY DECIMAL CLASSIFICATION NUMBER
Classification number 616
Item number G20G
100 ## - MAIN ENTRY--PERSONAL NAME
Personal name GOLDMAN, LEE,ed.
245 ## - TITLE STATEMENT
Title GOLDMAN-CECIL MEDICINE
250 ## - EDITION STATEMENT
Edition statement 27TH
260 ## - PUBLICATION, DISTRIBUTION, ETC. (IMPRINT)
Place of publication, distribution, etc NEW DELHI
Name of publisher, distributor, etc ELSEVIVIER
Year of Publication 2020
300 ## - PAGE DESCRIPTION
No. of Pages 1396
650 ## - SUBJECT ADDED ENTRY--TOPICAL TERM
Topical term or geographic name as entry element MEDICINE
653 ## - KEYWORDS--INDEX TERM
Keyword term MEDICINE ,GOLDMAN, CECIL
942 ## - ADDED ENTRY ELEMENTS (KOHA)
Source of classification or shelving scheme Dewey Decimal Classification
Koha item type Books
Holdings
Withdrawn status Lost status Source of classification or shelving scheme Damaged status Use restrictions Not for loan Collection code Home library Current library Shelving location Date acquired Vendor Name Cost, normal purchase price Volume Information (Serial or Books or Non-Book Material) SGTU Bill Number Full call number Accession No. (Barcode) Date last seen Bill Date Koha item type
    Dewey Decimal Classification   Restricted Access   AYURVEDA SGT FA-FP Library SGT FA-FP Library Reference Book 30/04/2026 ABC PVT. LTD. 9396.00 1 SGTU 22849 616 G20G FA13455 30/04/2026 08/04/2026 Books
    Dewey Decimal Classification   Restricted Access   AYURVEDA SGT FA-FP Library SGT FA-FP Library Reference Book 30/04/2026 ABC PVT. LTD. 9396.00 2 SGTU 22849 616 G20G FA13456 30/04/2026 08/04/2026 Books